LEADER 00845nam0 2200277 450 001 9910290058403321 005 20181106170438.0 010 $a978-1337-09426-9 100 $a20181106d2017---- km y0itay50 ba 101 0 $aeng 102 $aUS 105 $a 001yy 200 1 $aProbability and statistics for engineering and the sciences$emetric version$fJay Devore 205 $a9th ed. 210 $aAustralia$cCengage Learning$d2017 215 $aXIV, 715 p., [62] p.$cill.$d25 cm 610 0 $aProbabilità$aStatistica 676 $a519.2$v22 700 1$aDevore,$bJay$0102313 801 0$aIT$bUNINA$gREICAT$2UNIMARC 901 $aBK 912 $a9910290058403321 952 $a13 27 36$b1868 / 2018$fFINBC 959 $aFINBC 996 $aProbability and statistics for engineering and the sciences$91502519 997 $aUNINA LEADER 01688nam 2200361Ia 450 001 996396132003316 005 20200824132849.0 035 $a(CKB)4940000000058094 035 $a(EEBO)2240961805 035 $a(OCoLC)ocm12711207e 035 $a(OCoLC)12711207 035 $a(EXLCZ)994940000000058094 100 $a19851023d1662 uy | 101 0 $aeng 135 $aurbn||||a|bb| 200 14$aThe English school-master$b[electronic resource] $eteaching all his scholars, of what age soever, the most easie, short, and perfect order of distinct reading and true writing our English-tongue that hath ever yet been known or published by any : and further also, teacheth a direct course how any unskilful person may easily both understand any hard English words which they shall in the Scriptures, sermons, or els-where hear or read ... /$fdevised for thy sake that wanteth any part of this skill by Edward Coote .. 205 $aPerused and approved by publick authority, and now the 31[st] time imprinted$bwith certain copies to write by at the end of this book added. 210 $aLondon $cPrinted by William Leybourn for the Company of Stationers$d1662 215 $a[8], 77, [2] p 300 $aReproduction of original in the British Library. 330 $aeebo-0018 606 $aReaders (Primary)$vEarly works to 1800 606 $aEnglish language$yEarly modern, 1500-1700 615 0$aReaders (Primary) 615 0$aEnglish language 700 $aCoote$b Edmund$ffl. 1597.$01012997 801 0$bEAH 801 1$bEAH 801 2$bWaOLN 906 $aBOOK 912 $a996396132003316 996 $aThe English school-master$92354066 997 $aUNISA